Vasantotsava : (Record no. 1715754)
[ view plain ]
| 000 -LEADER | |
|---|---|
| fixed length control field | 00854cam a2200253 a 4500 |
| 001 - CONTROL NUMBER | |
| control field | 1593558 |
| 003 - CONTROL NUMBER IDENTIFIER | |
| control field | OSt |
| 005 - DATE AND TIME OF LATEST TRANSACTION | |
| control field | 20260319115748.0 |
| 008 - FIXED-LENGTH DATA ELEMENTS--GENERAL INFORMATION | |
| fixed length control field | 931112s1993 ii b 001 0 eng |
| 020 ## - INTERNATIONAL STANDARD BOOK NUMBER | |
| International Standard Book Number | 9788124600115 |
| 040 ## - CATALOGING SOURCE | |
| Transcribing agency | HDL |
| Language of cataloging | ENG |
| 082 ## - DEWEY DECIMAL CLASSIFICATION NUMBER | |
| Classification number | 294.5 N3 |
| 100 1# - MAIN ENTRY--PERSONAL NAME | |
| Personal name | Anderson, Leona M. |
| Fuller form of name | (Leona May), |
| Dates associated with a name | 1951- |
| 9 (RLIN) | 1132531 |
| 245 10 - TITLE STATEMENT | |
| Title | Vasantotsava : |
| Remainder of title | the spring festivals of India : texts and traditions / |
| Statement of responsibility, etc. | Leona M. Anderson. |
| 260 ## - PUBLICATION, DISTRIBUTION, ETC. | |
| Place of publication, distribution, etc. | New Delhi : |
| Name of publisher, distributor, etc. | D.K. Printworld (P) Ltd., |
| Date of publication, distribution, etc. | 1993. |
| 300 ## - PHYSICAL DESCRIPTION | |
| Extent | 254 p. |
| Dimensions | 22 cm. |
| 490 1# - SERIES STATEMENT | |
| Series statement | Reconstructing Indian history & culture, |
| Volume/sequential designation | no. 4 |
| 651 #0 - SUBJECT ADDED ENTRY--GEOGRAPHIC NAME | |
| Geographic name | India |
| General subdivision | Religious life and customs. |
| 830 #0 - SERIES ADDED ENTRY--UNIFORM TITLE | |
| Uniform title | Reconstructing Indian history & culture ; |
| Volume/sequential designation | no. 4. |
| 9 (RLIN) | 1132532 |
| 906 ## - LOCAL DATA ELEMENT F, LDF (RLIN) | |
| a | 7 |
| b | cbc |
| c | orignew |
| d | 3 |
| e | ncip |
| f | 19 |
| g | y-gencatlg |
| 942 ## - ADDED ENTRY ELEMENTS (KOHA) | |
| Koha item type | Textual |
| Withdrawn status | Lost status | Source of classification or shelving scheme | Damaged status | Not for loan | Home library | Current library | Date acquired | Total Checkouts | Date last seen | Price effective from | Koha item type |
|---|---|---|---|---|---|---|---|---|---|---|---|
| Colon Classification (CC) | Department of History Library | Department of History Library | 2026-03-19 | 2026-03-19 | 2026-03-19 | Textual |
